<?xml version="1.0" encoding="UTF-8"?>
<record
    xmlns:xsi="http://www.w3.org/2001/XMLSchema-instance"
    xsi:schemaLocation="http://www.loc.gov/MARC21/slim http://www.loc.gov/standards/marcxml/schema/MARC21slim.xsd"
    xmlns="http://www.loc.gov/MARC21/slim">

  <leader>01172cam a2200301 a 4500</leader>
  <controlfield tag="003">OSt</controlfield>
  <controlfield tag="005">20171116130400.0</controlfield>
  <controlfield tag="008">171116s2013    spcao  ||     011 0bcat|d</controlfield>
  <datafield tag="017" ind1=" " ind2=" ">
    <subfield code="a">DL Gi. 1554-2012 (vol. 1)</subfield>
    <subfield code="a">DL Gi. 1555-2012 (vol. 2)</subfield>
    <subfield code="b">Biblioteca de Catalunya</subfield>
  </datafield>
  <datafield tag="020" ind1=" " ind2=" ">
    <subfield code="a">9788496747920 (o.c.)</subfield>
  </datafield>
  <datafield tag="020" ind1=" " ind2=" ">
    <subfield code="a">9788496747944 (vol. 2)</subfield>
  </datafield>
  <datafield tag="020" ind1=" " ind2=" ">
    <subfield code="a">9788496747937 (vol. 1)</subfield>
  </datafield>
  <datafield tag="040" ind1=" " ind2=" ">
    <subfield code="a">ES-BaCBU</subfield>
    <subfield code="b">cat</subfield>
    <subfield code="c">CMDR</subfield>
  </datafield>
  <datafield tag="100" ind1="1" ind2=" ">
    <subfield code="a">Bertrana, Aurora,</subfield>
    <subfield code="d">1892-1974</subfield>
  </datafield>
  <datafield tag="245" ind1="1" ind2="0">
    <subfield code="a">Mem&#xF2;ries /</subfield>
    <subfield code="c">Aurora Bertrana</subfield>
  </datafield>
  <datafield tag="260" ind1=" " ind2=" ">
    <subfield code="a">Girona :</subfield>
    <subfield code="b">Diputaci&#xF3; de Girona,</subfield>
    <subfield code="c">2013</subfield>
  </datafield>
  <datafield tag="300" ind1=" " ind2=" ">
    <subfield code="a">2 v. (703, [12] p. de l&#xE0;m.; 418, [8] p. de l&#xE0;m.) :</subfield>
    <subfield code="b">il. (algunes col.) ;</subfield>
    <subfield code="c">22 cm</subfield>
  </datafield>
  <datafield tag="490" ind1="1" ind2=" ">
    <subfield code="a">Col&#xB7;lecci&#xF3; Josep Pla ;</subfield>
    <subfield code="v">29.</subfield>
    <subfield code="a">Narrativa</subfield>
  </datafield>
  <datafield tag="505" ind1="8" ind2=" ">
    <subfield code="a">Cont&#xE9;: 1. Fins al 1935 -- 2. Del 1935 fins al retorn a Catalunya</subfield>
  </datafield>
  <datafield tag="600" ind1="1" ind2="7">
    <subfield code="a">Bertrana, Aurora,</subfield>
    <subfield code="d">1892-1974</subfield>
    <subfield code="x">Biografia</subfield>
    <subfield code="2">lemac  </subfield>
  </datafield>
  <datafield tag="600" ind1="1" ind2="7">
    <subfield code="a">Bertrana, Aurora,</subfield>
    <subfield code="d">1892-1974</subfield>
    <subfield code="2">thub</subfield>
  </datafield>
  <datafield tag="650" ind1=" " ind2="7">
    <subfield code="a">Escriptores catalanes</subfield>
    <subfield code="y">S. XX</subfield>
    <subfield code="x">Biografia</subfield>
    <subfield code="2">lemac</subfield>
  </datafield>
  <datafield tag="650" ind1=" " ind2="4">
    <subfield code="a">Periodistes catalans</subfield>
    <subfield code="9">3139</subfield>
    <subfield code="v">Biografia</subfield>
  </datafield>
  <datafield tag="650" ind1=" " ind2="4">
    <subfield code="a">Dones periodistes</subfield>
    <subfield code="9">2913</subfield>
  </datafield>
  <datafield tag="740" ind1="0" ind2="2">
    <subfield code="a">Mem&#xF2;ries fins al 1935 </subfield>
  </datafield>
  <datafield tag="740" ind1="0" ind2="2">
    <subfield code="a">Mem&#xF2;ries del 1935 fins al retorn a Catalunya</subfield>
  </datafield>
  <datafield tag="942" ind1=" " ind2=" ">
    <subfield code="c">MON</subfield>
  </datafield>
  <datafield tag="999" ind1=" " ind2=" ">
    <subfield code="c">7078</subfield>
    <subfield code="d">7078</subfield>
  </datafield>
  <datafield tag="952" ind1=" " ind2=" ">
    <subfield code="0">0</subfield>
    <subfield code="1">0</subfield>
    <subfield code="4">0</subfield>
    <subfield code="7">0</subfield>
    <subfield code="a">CDMR</subfield>
    <subfield code="b">CDMR</subfield>
    <subfield code="d">2017-11-16</subfield>
    <subfield code="e">Intercanvi</subfield>
    <subfield code="g">38.00</subfield>
    <subfield code="l">1</subfield>
    <subfield code="m">1</subfield>
    <subfield code="o">Du 1/116</subfield>
    <subfield code="p">CDMR17111258</subfield>
    <subfield code="r">2019-05-29</subfield>
    <subfield code="s">2019-05-03</subfield>
    <subfield code="t">Vol. 1</subfield>
    <subfield code="v">38.00</subfield>
    <subfield code="w">2017-11-16</subfield>
    <subfield code="y">MON</subfield>
  </datafield>
  <datafield tag="952" ind1=" " ind2=" ">
    <subfield code="0">0</subfield>
    <subfield code="1">0</subfield>
    <subfield code="4">0</subfield>
    <subfield code="7">0</subfield>
    <subfield code="a">CDMR</subfield>
    <subfield code="b">CDMR</subfield>
    <subfield code="d">2017-11-16</subfield>
    <subfield code="e">Intercanvi</subfield>
    <subfield code="g">38.00</subfield>
    <subfield code="l">0</subfield>
    <subfield code="o">Du 1/117</subfield>
    <subfield code="p">CDMR17111259</subfield>
    <subfield code="r">2017-11-16</subfield>
    <subfield code="t">Vol. 2</subfield>
    <subfield code="v">38.00</subfield>
    <subfield code="w">2017-11-16</subfield>
    <subfield code="y">MON</subfield>
  </datafield>
</record>
